Sleepers, wake / (Record no. 144)

MARC details
000 -LEADER
fixed length control field 00957nam a22002777a 4500
001 - CONTROL NUMBER
control field 144
003 - CONTROL NUMBER IDENTIFIER
control field FISKH
005 - DATE AND TIME OF LATEST TRANSACTION
control field 20230301094151.0
008 - FIXED-LENGTH DATA ELEMENTS--GENERAL INFORMATION
fixed length control field 230301b cb ||||| |||| 00| 0 eng d
040 ## - CATALOGING SOURCE
Original cataloging agency DLC
Transcribing agency DLC
Modifying agency DLC
-- FISKH
Language of cataloging eng
042 ## - AUTHENTICATION CODE
Authentication code lcac
050 00 - LIBRARY OF CONGRESS CALL NUMBER
Classification number PZ7.J15253
Item number Sl 1991
082 00 - DEWEY DECIMAL CLASSIFICATION NUMBER
Classification number 459
Edition number 20
100 1# - MAIN ENTRY--PERSONAL NAME
Personal name Jacobs, Paul Samuel.
245 10 - TITLE STATEMENT
Title Sleepers, wake /
Statement of responsibility, etc. Paul Samuel Jacobs.
260 ## - PUBLICATION, DISTRIBUTION, ETC.
Place of publication, distribution, etc. New York
Name of publisher, distributor, etc. Scholastic
Date of publication, distribution, etc. 1991.
300 ## - PHYSICAL DESCRIPTION
Extent 183 p.
Dimensions 20 cm.
505 ## - FORMATTED CONTENTS NOTE
Formatted contents note M
520 ## - SUMMARY, ETC.
Summary, etc. Dody, a space pioneer of the future, wakes long before anyone else during his ship's journey and grows old while his family continues to sleep.
521 8# - TARGET AUDIENCE NOTE
Target audience note 790
Source Lexile
521 8# - TARGET AUDIENCE NOTE
Target audience note M
Source Raz-Plus
650 #1 - SUBJECT ADDED ENTRY--TOPICAL TERM
Topical term or geographic name entry element Science fiction.
906 ## - LOCAL DATA ELEMENT F, LDF (RLIN)
a 7
b cbc
c orignew
d 3
e opcn
f 19
g y-gencatlg
942 ## - ADDED ENTRY ELEMENTS (KOHA)
Source of classification or shelving scheme Dewey Decimal Classification
Koha item type Books
Suppress in OPAC No
Holdings
Withdrawn status Lost status Source of classification or shelving scheme Damaged status Not for loan Collection Home library Current library Shelving location Date acquired Total Checkouts Full call number Barcode Date last seen Copy number Price effective from Koha item type Date last checked out
    Dewey Decimal Classification     Fiction Footprints International School Library Network Toul Kork Campus Footprints International School Library Network Toul Kork Campus A TK Campus, 4th Floor, Room B401, Fiction Bookcases (1-6) 03/01/2023   JAC 459 PZ7.J15253 FISTK04867 03/01/2023 1 03/01/2023 Books  
    Dewey Decimal Classification     Fiction Footprints International School Library Network Toul Kork Campus Footprints International School Library Network Toul Kork Campus A TK Campus, 4th Floor, Room B401, Fiction Bookcases (1-6) 03/01/2023   JAC 459 PZ7.J15253 FISTK05326 04/30/2024 3 03/01/2023 Books  
    Dewey Decimal Classification     Fiction Footprints International School Library Network Toul Tom Poung Campus Footprints International School Library Network Toul Tom Poung Campus TTP Secondary Fiction Bookshelves 03/13/2024 2 JAC 459 PZ7.J15253 2024-0315 02/02/2026 2 03/13/2024 Books 01/05/2026